Normal view
MARC view
Entry Personal Name
001 - CONTROL NUMBER
- control field: 28772
003 - CONTROL NUMBER IDENTIFIER
- control field: ARRUPE
005 - DATE AND TIME OF LATEST TRANSACTION
- control field: 20170209152454.0
008 - FIXED-LENGTH DATA ELEMENTS
- fixed length control field: 170209|| aca||aabn | a|a d
040 ## - CATALOGING SOURCE
- Original cataloging agency: ARRUPE
- Transcribing agency: ARRUPE
100 ## - HEADING--PERSONAL NAME
- Personal name: Kakhongwe, Paul.
670 ## - SOURCE DATA FOUND
- Source citation: Work cat.: (ARRUPE)0: Mvula, Peter. 28768, Women in Malawi /, 1997.